00950nam a22002177a 450000500170000000800410001702000180005804000270007604100080010304400070011108200180011811000420013624500670017826000690024530001180031450400590043265000520049165000560054365000630059965000700066220160307090513.0160307b2011 cl abdogr|||| 00| 0 spa d a9789567204410 aCO-BoIAVH cCO-BoIAVH 0 aspa ack04a333.707bC53i1 aChileb Ministerio del Medio Ambiente10aInforme del estado del medio ambiente bresumen ejecutivo 2011 aSantiago (Chile) :bChile, Ministerio del Medio Ambiente,c2012. a44 páginas :bilustraciones a color, mapas, tablas, gráficas y fotografías a color ;c27 x 20 centímetros aIncluye referencias bibliográficas: páginas 42-44. 6aMedio ambientevinformes, reportes, etc.zChile 6aRecursos naturalesvinformes, reportes, etc.zChile 4aEstado del medio ambientevinformes, reportes, etc.zChile 4aEstado de los recursos naturalesvinformes, reportes, etc.zChile